[Event "FINAL MISTRZOSTW POLSKI JUNIOROW 2018 - GRUPA  D16"]
[Site "Jastrzebia Gora"]
[Date "1899-12-30"]
[Round "3.13"]
[White "Lascar, Maria Elena"]
[Black "Swiech, Joanna"]
[Result "0-1"]
[WhiteTitle "I+"]
[BlackTitle "k"]
[WhiteElo "1540"]
[BlackElo "1995"]

1. e4 e5 2. Nf3 Nc6 3. Bc4 Be7 4. d4 exd4 5. Nxd4 d6 6. O-O Nf6 7. Nc3 O-O 8. Bf4
a6 9. a4 Na5 10. Ba2 c5 11. Nde2 Qc7 12. f3 Be6 13. Nd5 Nxd5 14. exd5 Bd7 15.
c4 b5 16. axb5 axb5 17. b3 Bf6 18. Rc1 Nxc4 19. Bb1 Na3 20. Qd2 Nxb1 21. Rxb1
Bf5 22. Rbc1 Ra3 23. b4 c4 24. Nc3 Rb3 25. Ne4 Bxe4 26. fxe4 Re8 27. Kh1 c3 28.
Qa2 Rxb4 29. Qa3 Rbxe4 30. Bxd6 Qc4 31. Qc5 Qxc5 32. Bxc5 Rc4 33. Bf2 c2 34. d6
Rd8 35. Rfe1 h6 36. Re2 Rxd6 37. Rexc2 Rxc2 38. Rxc2 Rd1+ 39. Bg1 Bd4 0-1

[Event "FINAL MISTRZOSTW POLSKI JUNIOROW 2018 - GRUPA  D16"]
[Site "Jastrzebia Gora"]
[Date "1899-12-30"]
[Round "3.14"]
[White "Komorowska, Marcelina"]
[Black "Pyzio, Amelia"]
[Result "0-1"]
[WhiteTitle "II+"]
[BlackTitle "I++"]
[WhiteElo "1209"]
[BlackElo "1780"]

1. e4 e5 2. Nf3 Nc6 3. d4 exd4 4. Nxd4 Nf6 5. Nc3 Bb4 6. Nxc6 bxc6 7. Bd3 O-O 8.
O-O d5 9. exd5 cxd5 10. h3 c6 11. Qf3 Re8 12. Bf4 Be6 13. a3 Bd6 14. Rfe1 Rb8
15. Bxd6 Qxd6 16. b3 Re7 17. Re2 Rbe8 18. a4 h6 19. Rae1 Kh8 20. Bf5 a5 21. Kh1
Qb4 22. Bxe6 fxe6 23. g4 e5 24. Qg3 Kg8 25. Rxe5 Ne4 26. R1xe4 dxe4 27. Rxe7 Qxe7
28. Qe3 Qe5 29. Kg2 c5 30. Nb5 Rf8 31. Nc3 Rf4 32. Qd2 Rf3 33. Qd5+ Qxd5 34. Nxd5
Kf7 35. Ne3 g6 36. Nc4 Rc3 37. Nd6+ Ke6 38. Nxe4 Rxc2 39. Kf3 Ke5 40. Ke3 c4 41.
f4+ Kd5 42. bxc4+ Rxc4 43. Nf6+ Ke6 44. Ne4 Ke7 45. f5 gxf5 46. gxf5 Rxa4 47.
Kf3 Rxe4 0-1

[Event "FINAL MISTRZOSTW POLSKI JUNIOROW 2018 - GRUPA  D16"]
[Site "Jastrzebia Gora"]
[Date "1899-12-30"]
[Round "3.15"]
[White "Koruch, Maria"]
[Black "Chomicka, Kinga"]
[Result "1-0"]
[WhiteTitle "I"]
[BlackTitle "I"]
[WhiteElo "1627"]
[BlackElo "1398"]

1. e4 e5 2. Nf3 Nc6 3. Bb5 a6 4. Ba4 Nf6 5. O-O Be7 6. Re1 b5 7. Bb3 d6 8. c3 O-O
9. h3 Nb8 10. d4 Nbd7 11. c4 Bb7 12. Nc3 b4 13. Nd5 Nxd5 14. exd5 Bf6 15. Be3
Qc8 16. Rc1 c5 17. dxc6 Bxc6 18. c5 Bxf3 19. Qxf3 exd4 20. cxd6 Qb8 21. Bf4 Qb5
22. Bd5 Rad8 23. Rc7 Qa5 24. Re7 Nc5 25. Bxf7+ Kh8 26. Qh5 Rxf7 27. Rxc5 Qxa2
28. Qxf7 Qxf7 29. Rxf7 d3 30. d7 Kg8 31. Rxf6 gxf6 32. Rc8 Rxc8 33. dxc8=Q+ 1-0

[Event "FINAL MISTRZOSTW POLSKI JUNIOROW 2018 - GRUPA  D16"]
[Site "Jastrzebia Gora"]
[Date "1899-12-30"]
[Round "3.16"]
[White "Sawa, Daria"]
[Black "Bilczewska, Olga"]
[Result "1/2-1/2"]
[WhiteTitle "I"]
[BlackTitle "I+"]
[WhiteElo "1432"]
[BlackElo "1609"]

1. e4 c5 2. Nf3 Nc6 3. d4 cxd4 4. Nxd4 Nf6 5. Nc3 e5 6. Ndb5 d6 7. Bg5 a6 8. Na3
b5 9. Nd5 Be7 10. Bxf6 Bxf6 11. c3 Ne7 12. Nxe7 Bxe7 13. Nc2 Bb7 14. Bd3 d5 15.
exd5 Qxd5 16. Ne3 Qc6 17. Qg4 g6 18. a4 f5 19. axb5 axb5 20. Rxa8+ Bxa8 21. Qh3
O-O 22. O-O Bb7 23. c4 bxc4 24. Bxc4+ Kg7 25. Bd5 Qb5 26. Bxb7 Qxb7 27. Nc4 e4
28. Qe3 Bf6 29. Qe2 Rb8 30. Rb1 Qb3 31. Nd2 Qc2 32. Qd1 Qxd1+ 33. Rxd1 Rxb2 34.
Nc4 Rb4 35. Ne3 Rb7 36. g3 Bg5 37. Nc4 Rc7 38. Nd6 Kf8 39. Nb5 Rb7 40. Nd4 Kf7
41. Nc2 Rb2 42. Nd4 e3 43. f4 Bf6 44. Nf3 Rb3 45. Re1 e2 46. Kf2 Rb2 47. Rxe2
Rxe2+ 48. Kxe2 1/2-1/2

[Event "FINAL MISTRZOSTW POLSKI JUNIOROW 2018 - GRUPA  D16"]
[Site "Jastrzebia Gora"]
[Date "1899-12-30"]
[Round "3.17"]
[White "Zygmunt, Patrycja"]
[Black "Wolagiewicz, Kinga"]
[Result "0-1"]
[WhiteTitle "I"]
[BlackTitle "I"]
[WhiteElo "1370"]
[BlackElo "1689"]

1. e4 c6 2. d4 d5 3. Nc3 dxe4 4. Nxe4 Nf6 5. Nxf6+ exf6 6. Nf3 Bd6 7. Bd3 O-O 8.
O-O Re8 9. Be3 Qc7 10. h3 Nd7 11. c4 Nf8 12. Rc1 Bd7 13. Qc2 Bf4 14. Qd2 Bxe3
15. fxe3 Qg3 16. Qf2 Qd6 17. Rce1 Re7 18. Nh4 Rae8 19. e4 c5 20. d5 Ng6 21. Nxg6
hxg6 22. Qf4 Qxf4 23. Rxf4 f5 24. h4 f6 25. a3 g5 26. hxg5 fxg5 27. Rf2 fxe4 28.
Be2 e3 29. Rf3 Bg4 30. Rff1 Bxe2 31. Rxe2 Re4 32. Rc1 Rd4 33. Rc3 Rde4 34. Rd3
Rxc4 35. Rdxe3 Rxe3 36. Rxe3 Rd4 37. Re5 g4 38. Re7 g3 39. Kf1 b6 40. Rxa7 Rxd5
41. Ke2 Rf5 42. Rb7 Rf2+ 43. Ke3 Rxb2 44. Kf4 Rb3 45. a4 c4 46. Ke4 Rb2 47. a5
Rxg2 48. axb6 Rb2 0-1

[Event "FINAL MISTRZOSTW POLSKI JUNIOROW 2018 - GRUPA  D16"]
[Site "Jastrzebia Gora"]
[Date "1899-12-30"]
[Round "3.18"]
[White "Nowicka, Julia"]
[Black "Choinska, Debora"]
[Result "0-1"]
[WhiteTitle "I"]
[BlackTitle "I"]
[WhiteElo "1283"]
[BlackElo "1503"]

1. e4 d6 2. Nc3 Nf6 3. Bc4 e5 4. d3 Be7 5. Nge2 Nbd7 6. O-O O-O 7. f4 exf4 8. Bxf4
c6 9. Kh1 b5 10. Bb3 a5 11. a3 Nc5 12. Qe1 Nxb3 13. cxb3 Be6 14. Nd4 Qd7 15. Qg3
Nh5 16. Qe3 Nxf4 17. Qxf4 Bf6 18. Qf2 Bxd4 19. Qxd4 Bxb3 20. Rf3 c5 21. Qf2 b4
22. Ne2 Be6 23. Nf4 f6 24. Rg3 Rf7 25. axb4 cxb4 26. Qb6 Qe7 27. Rxa5 Rxa5 28.
Qxa5 Qa7 29. Qxa7 Rxa7 30. Kg1 Bf7 31. b3 Ra3 32. Ne2 Rxb3 33. Nd4 Rb1+ 34. Kf2
b3 35. Re3 b2 0-1

[Event "FINAL MISTRZOSTW POLSKI JUNIOROW 2018 - GRUPA  D16"]
[Site "Jastrzebia Gora"]
[Date "1899-12-30"]
[Round "4.1"]
[White "Kucharska, Honorata"]
[Black "Kalinowska, Zuzanna"]
[Result "1-0"]
[WhiteTitle "WFM"]
[BlackTitle "k+"]
[WhiteElo "2082"]
[BlackElo "1980"]

1. e4 e6 2. d3 c5 3. Nf3 Nc6 4. g3 Nf6 5. Bg2 d5 6. Nbd2 Be7 7. O-O b6 8. Re1 Qc7
9. Qe2 Bb7 10. Nf1 h6 11. Bf4 Qd8 12. Rad1 g5 13. exd5 Nxd5 14. Be5 Rg8 15. c4
Nf6 16. d4 Nd7 17. d5 exd5 18. cxd5 Ncxe5 19. Nxe5 Nxe5 20. Qxe5 Kf8 21. d6 Bf6
22. Qf5 Bxg2 23. Kxg2 Bd4 24. Re7 Rg7 25. Qd5 f6 26. Rde1 Be5 27. Rxg7 Kxg7 28.
d7 Qg8 29. Qc6 Rd8 30. f4 gxf4 31. gxf4 Qxa2 32. Ng3 Rg8 33. fxe5 fxe5 34. Kh1
1-0

[Event "FINAL MISTRZOSTW POLSKI JUNIOROW 2018 - GRUPA  D16"]
[Site "Jastrzebia Gora"]
[Date "1899-12-30"]
[Round "4.2"]
[White "Sowa, Wiktoria"]
[Black "Czarniecka, Aleksandra"]
[Result "1/2-1/2"]
[WhiteTitle "k"]
[BlackTitle "k"]
[WhiteElo "1993"]
[BlackElo "2015"]

1. e4 c5 2. Nf3 d6 3. d4 cxd4 4. Nxd4 Nf6 5. f3 e5 6. Nb3 a5 7. c4 a4 8. N3d2 Nbd7
9. Be2 Nc5 10. Nf1 Be7 11. Ne3 O-O 12. O-O Nh5 13. Nc3 Be6 14. Ned5 Bxd5 15. Nxd5
Bg5 16. Bxg5 Qxg5 17. Qc1 Qxc1 18. Raxc1 Nf6 19. Rfd1 Rfd8 20. Nc7 Rac8 21. Nb5
Ne8 22. g3 g5 23. Kf2 Kf8 24. Ke3 Ne6 25. Bf1 Rc5 26. b4 axb3 27. axb3 Rc6 28.
b4 N8c7 29. Bh3 Nxb5 30. cxb5 Rxc1 31. Rxc1 Nd4 32. Rc7 Ra8 33. Bg4 Ra3+ 34. Kf2
Ra2+ 35. Ke3 Nc2+ 36. Kf2 Nxb4+ 37. Kg1 Ra1+ 38. Kg2 b6 39. Rb7 Ra2+ 40. Kg1 Ra1+
41. Kf2 Ra2+ 42. Kg1 Ra1+ 43. Kf2 Ra2+ 1/2-1/2

[Event "FINAL MISTRZOSTW POLSKI JUNIOROW 2018 - GRUPA  D16"]
[Site "Jastrzebia Gora"]
[Date "1899-12-30"]
[Round "4.3"]
[White "Budkiewicz, Magdalena"]
[Black "Malicka, Maria"]
[Result "0-1"]
[WhiteTitle "I++"]
[BlackTitle "WCM"]
[WhiteElo "1739"]
[BlackElo "2135"]

1. e4 e5 2. Nf3 Nc6 3. Bc4 Bc5 4. c3 Nf6 5. d4 exd4 6. O-O Nxe4 7. cxd4 d5 8. dxc5
dxc4 9. Qe2 Qe7 10. Qxc4 f5 11. Be3 Be6 12. Qc1 O-O 13. Nbd2 Bd5 14. Nxe4 Qxe4
15. Rd1 Rad8 16. Qc3 f4 17. Bc1 Qg6 18. Bd2 Nd4 19. Qxd4 Bxf3 20. Qc4+ Kh8 21.
g3 Bxd1 22. Rxd1 Qh5 23. Qf1 Qf3 24. b4 fxg3 25. hxg3 Rd5 0-1

[Event "FINAL MISTRZOSTW POLSKI JUNIOROW 2018 - GRUPA  D16"]
[Site "Jastrzebia Gora"]
[Date "1899-12-30"]
[Round "4.4"]
[White "Rudzinska, Michalina"]
[Black "Raczykowska, Paulina"]
[Result "1-0"]
[WhiteTitle "k+"]
[BlackTitle "k"]
[WhiteElo "2066"]
[BlackElo "1897"]

1. e4 d6 2. d4 Nf6 3. Nc3 e5 4. Nf3 Nbd7 5. Bc4 Be7 6. O-O O-O 7. Re1 c6 8. a4
a5 9. h3 exd4 10. Nxd4 Nc5 11. Ba2 Qb6 12. Nf5 Bxf5 13. exf5 Rfe8 14. Qf3 d5 15.
Rb1 Bd6 16. Be3 Qb4 17. Red1 Be5 18. Ne2 Nxa4 19. c3 Qe7 20. g4 Ne4 21. Kg2 Bf6
22. Rh1 h6 23. Ng3 Nxg3 24. Qxg3 Bxc3 25. bxc3 Nxc3 26. Rb2 Nxa2 27. Rxa2 c5 28.
f6 Qe4+ 29. Qf3 d4 30. Bd2 b6 31. fxg7 Kxg7 32. Qxe4 Rxe4 33. Rb1 Re6 34. Rab2
Ra6 35. Bf4 Rc6 36. Kf3 Kf8 37. Ke4 Ke8 38. Kd5 Kd7 39. Re1 Rc8 40. Rbe2 Rg8 41.
Re7+ Kc8 42. Rc7+ Kd8 43. Rb7 Ra8 44. Ree7 a4 45. Rbd7+ Kc8 46. Rc7+ Kd8 47. Kc6
a3 48. Kb7 1-0

[Event "FINAL MISTRZOSTW POLSKI JUNIOROW 2018 - GRUPA  D16"]
[Site "Jastrzebia Gora"]
[Date "1899-12-30"]
[Round "4.5"]
[White "Harazinska, Magdalena"]
[Black "Karlyk, Maria"]
[Result "1/2-1/2"]
[WhiteTitle "k"]
[BlackTitle "I"]
[WhiteElo "2053"]
[BlackElo "1636"]

1. d4 d5 2. c4 Nc6 3. Nf3 Bg4 4. e3 e6 5. Nc3 Bb4 6. Bd2 Bxc3 7. Bxc3 Nge7 8. b3
Ng6 9. Be2 Bxf3 10. Bxf3 f5 11. Bh5 Qf6 12. Qe2 O-O-O 13. Bxg6 Qxg6 14. g3 Qf6
15. O-O-O Qe7 16. Qb2 Rhf8 17. b4 Rf7 18. b5 Nb8 19. c5 a6 20. a4 Kd7 21. bxa6
bxa6 22. Kd2 Ke8 23. Qb7 Qd7 24. Ra1 Qc8 25. Qxc8 Rxc8 26. Rab1 Nc6 27. Kd3 Kd7
28. h4 Rff8 29. Rb2 Rb8 30. Rhb1 Rxb2 31. Rxb2 Rb8 32. Rxb8 Nxb8 33. f3 Nc6 34.
e4 fxe4+ 35. fxe4 Ne7 36. Be1 c6 37. g4 Ng6 38. Bg3 Ne7 39. e5 Ng6 40. Ke3 h6
41. h5 Ne7 42. Ke4 1/2-1/2

[Event "FINAL MISTRZOSTW POLSKI JUNIOROW 2018 - GRUPA  D16"]
[Site "Jastrzebia Gora"]
[Date "1899-12-30"]
[Round "4.6"]
[White "Jarocka, Liwia"]
[Black "Kulpa, Zuzanna"]
[Result "1-0"]
[WhiteTitle "FM"]
[BlackTitle "I++"]
[WhiteElo "1989"]
[BlackElo "1839"]

1. e4 e5 2. Nf3 Nc6 3. Bb5 a6 4. Ba4 Nf6 5. O-O Be7 6. Re1 b5 7. Bb3 d6 8. c3 O-O
9. h3 Nb8 10. d4 Nbd7 11. c4 Bb7 12. Nc3 c6 13. a3 Qc7 14. Be3 Nb6 15. dxe5 dxe5
16. Bxb6 Qxb6 17. Nxe5 Rad8 18. Qc2 Qc5 19. Nf3 Nd7 20. cxb5 cxb5 21. Qe2 Nb6
22. Rac1 Qh5 23. Rcd1 Bc5 24. Rxd8 Rxd8 25. Rd1 Re8 26. Qd2 h6 27. Qf4 Re7 28.
Rd8+ Kh7 29. Bd5 Qg6 30. Qb8 Bc8 31. b4 Rd7 32. Rxd7 Bxd7 33. bxc5 Bxh3 34. Qg3
1-0

[Event "FINAL MISTRZOSTW POLSKI JUNIOROW 2018 - GRUPA  D16"]
[Site "Jastrzebia Gora"]
[Date "1899-12-30"]
[Round "4.7"]
[White "Waszczuk, Patrycja"]
[Black "Moscicka, Pola"]
[Result "0-1"]
[WhiteTitle "k"]
[BlackTitle "k+"]
[WhiteElo "1927"]
[BlackElo "1868"]

1. e4 c5 2. Nf3 Nc6 3. d4 cxd4 4. Nxd4 Nf6 5. Nc3 e5 6. Ndb5 h6 7. Nd5 Nxd5 8.
exd5 a6 9. dxc6 axb5 10. cxd7+ Bxd7 11. Bd3 Bc6 12. O-O Bd6 13. Qe2 b4 14. Bd2
O-O 15. f3 f5 16. Bc4+ Kh8 17. c3 Qb6+ 18. Kh1 Rae8 19. cxb4 e4 20. f4 Bxb4 21.
Bxb4 Qxb4 22. a3 Qb6 23. b4 e3 24. b5 Be4 25. a4 Rf6 26. a5 Qc7 27. Qh5 Rc8 28.
Be2 Kh7 29. Qh3 Qc3 30. Bf3 e2 31. Rfe1 Rd6 32. Bxe4 Qxa1 33. Qxf5+ g6 34. Qxg6+
Rxg6 35. Rxa1 Rd8 36. Bc2 Kg7 37. Kg1 Rd2 38. Bb3 Rxg2+ 39. Kh1 Rxh2+ 40. Kg1
Rg2+ 41. Kh1 Rg3 42. Ba4 Ra3 43. Rg1+ Kf6 0-1

[Event "FINAL MISTRZOSTW POLSKI JUNIOROW 2018 - GRUPA  D16"]
[Site "Jastrzebia Gora"]
[Date "1899-12-30"]
[Round "4.8"]
[White "Swiech, Joanna"]
[Black "Koruch, Maria"]
[Result "1-0"]
[WhiteTitle "k"]
[BlackTitle "I"]
[WhiteElo "1995"]
[BlackElo "1627"]

1. d4 d5 2. c4 c6 3. cxd5 cxd5 4. Nc3 Nf6 5. Nf3 Nc6 6. Bf4 a6 7. e3 Bg4 8. h3
Bxf3 9. Qxf3 e6 10. Bd3 h6 11. a3 Bd6 12. Bxd6 Qxd6 13. O-O O-O 14. Na4 e5 15.
dxe5 Nxe5 16. Qe2 Nxd3 17. Qxd3 Rac8 18. Rfd1 Rfd8 19. Qb3 b5 20. Nc3 Rc4 21.
a4 Qb4 22. Qxb4 Rxb4 23. axb5 axb5 24. Rd2 Rd6 25. Ra8+ Kh7 26. Rb8 Rc6 27. Rxb5
Rxb5 28. Nxb5 Ne4 29. Re2 Rc1+ 30. Kh2 Rd1 31. f3 Nc5 32. Rc2 Nd3 33. Nc3 Nb4
34. Nxd1 Nxc2 35. Kg3 d4 36. exd4 Nxd4 37. b4 Nb5 38. Kf4 Kg6 39. Ke5 Kg5 40.
g3 f5 41. f4+ Kg6 42. Ne3 Na7 43. Nd5 h5 44. h4 Nc6+ 45. Kd6 Nd4 46. Kc5 Ne6+
47. Kb6 Kf7 48. b5 Nd4 49. Kc5 Nb3+ 50. Kb4 Nd4 51. Kc4 Ne6 52. b6 Nd8 53. Kb5
Ke6 54. Ne3 g6 55. Ka6 Kd7 56. Nc4 Kc8 57. Ne5 Kb8 58. Nxg6 Nb7 59. Ne5 Nd6 60.
Nd7+ Ka8 61. Nc5 Kb8 62. b7 Kc7 63. Ka7 Nxb7 64. Nxb7 Kc6 65. Nd8+ Kd5 66. Kb6
Ke4 67. Ne6 Kf3 68. Nf8 Kxg3 69. Ng6 1-0

[Event "FINAL MISTRZOSTW POLSKI JUNIOROW 2018 - GRUPA  D16"]
[Site "Jastrzebia Gora"]
[Date "1899-12-30"]
[Round "4.9"]
[White "Pyzio, Amelia"]
[Black "Furtak, Joanna"]
[Result "1/2-1/2"]
[WhiteTitle "I++"]
[BlackTitle "I++"]
[WhiteElo "1780"]
[BlackElo "1683"]

1. e4 c5 2. Nf3 e6 3. d4 cxd4 4. Nxd4 a6 5. Bd3 g6 6. Be3 Bg7 7. Nc3 Ne7 8. Qd2
Nbc6 9. Nde2 d5 10. Bh6 Bxh6 11. Qxh6 d4 12. Nd1 Qa5+ 13. c3 e5 14. O-O Be6 15.
f4 O-O-O 16. Nf2 f5 17. Rfd1 fxe4 18. Bxe4 Bf5 19. fxe5 Bxe4 20. Nxe4 Qxe5 21.
Qf4 d3 22. Qxe5 Nxe5 23. Nf4 Nf5 24. b3 b6 25. Nf2 d2 26. Ne4 g5 27. Ne6 Rd3 28.
Rxd2 Re3 29. Nd6+ Nxd6 30. Rxd6 Re8 31. Ng7 Rf8 32. Rf1 1/2-1/2

[Event "FINAL MISTRZOSTW POLSKI JUNIOROW 2018 - GRUPA  D16"]
[Site "Jastrzebia Gora"]
[Date "1899-12-30"]
[Round "4.10"]
[White "Hryn, Aleksandra"]
[Black "Tarka, Aleksandra"]
[Result "1-0"]
[WhiteTitle "I"]
[BlackTitle "I++"]
[WhiteElo "1558"]
[BlackElo "1761"]

1. e4 c5 2. Be2 Nc6 3. f4 e6 4. Nf3 d5 5. d3 dxe4 6. dxe4 Qxd1+ 7. Bxd1 Nf6 8.
Nc3 Be7 9. O-O O-O 10. a3 Nd4 11. e5 Nxf3+ 12. Bxf3 Nd7 13. Rd1 Rd8 14. Ne4 Rb8
15. Be3 b6 16. Nd6 Bxd6 17. Rxd6 Bb7 18. Bxb7 Rxb7 19. Rad1 Kf8 20. g4 Ke7 21.
f5 h6 22. Bf2 g5 23. Bg3 Rbb8 24. h4 Nf8 25. hxg5 hxg5 26. Kg2 Rxd6 27. exd6+
Kf6 28. fxe6 fxe6 29. Rf1+ Kg6 30. d7 Rd8 31. Rxf8 Rxd7 32. Rf2 b5 33. Be5 a5
34. Kg3 Kh7 35. Re2 Kg6 36. Bc3 b4 37. axb4 cxb4 38. Rxe6+ Kf7 39. Rf6+ Ke7 40.
Be5 Rd2 41. Rf2 Rd5 42. Re2 Kf7 43. b3 a4 44. bxa4 Ra5 45. Re4 Rxa4 46. c3 Ke6
47. Rxb4 Ra1 48. Bd4 Ra5 49. Rc4 Ra8 50. Rc5 Rg8 51. Rf5 1-0

[Event "FINAL MISTRZOSTW POLSKI JUNIOROW 2018 - GRUPA  D16"]
[Site "Jastrzebia Gora"]
[Date "1899-12-30"]
[Round "4.11"]
[White "Sivickis, Wiktoria"]
[Black "Skiba, Aleksandra"]
[Result "0-1"]
[WhiteTitle "I"]
[BlackTitle "I+"]
[WhiteElo "1627"]
[BlackElo "1734"]

1. e4 c5 2. Nf3 Nc6 3. d4 cxd4 4. Nxd4 e5 5. Nf3 Nf6 6. Bg5 Bb4+ 7. c3 Be7 8. Nbd2
O-O 9. Bd3 d6 10. O-O Ne8 11. Be3 Kh8 12. Qc2 f5 13. exf5 d5 14. f6 Nxf6 15. Bb5
Qc7 16. Bxc6 bxc6 17. h3 Nh5 18. Rfe1 Bd6 19. Qd1 Nf4 20. Bxf4 Rxf4 21. Qe2 e4
22. Nd4 Bd7 23. f3 exf3 24. N2xf3 Re8 25. Qd3 Rfe4 26. Nc2 Bf4 27. Kh1 Qc8 28.
Nfd4 c5 29. Ne2 c4 30. Qxd5 Rxe2 31. Rxe2 Rxe2 0-1

[Event "FINAL MISTRZOSTW POLSKI JUNIOROW 2018 - GRUPA  D16"]
[Site "Jastrzebia Gora"]
[Date "1899-12-30"]
[Round "4.12"]
[White "Filipska, Maja"]
[Black "Hryn, Zofia"]
[Result "0-1"]
[WhiteTitle "I++"]
[BlackTitle "I++"]
[WhiteElo "1708"]
[BlackElo "1574"]

1. e4 d6 2. d4 Nf6 3. Nc3 e5 4. dxe5 dxe5 5. Qxd8+ Kxd8 6. Bg5 Be6 7. O-O-O Nbd7
8. Nge2 Kc8 9. g3 h6 10. Bxf6 Nxf6 11. f3 c6 12. Bg2 b5 13. Rd2 Bc5 14. Kb1 Kc7
15. Nc1 a5 16. Nd3 Be3 17. Rdd1 Nd7 18. Rhe1 Bd4 19. Ne2 Bb6 20. f4 f6 21. Ng1
b4 22. fxe5 Bxg1 23. Rxg1 fxe5 24. Rd2 c5 25. Rgd1 Bg4 26. Re1 Rhb8 27. Nf2 Be6
28. Red1 Rb6 29. Bf3 Nf6 30. Nd3 Nd7 31. Ne1 c4 32. Ng2 c3 33. Rf2 Rf8 34. Ne3
Nc5 35. Rff1 cxb2 36. Bg4 Rxf1 37. Rxf1 Nxe4 38. Kxb2 Nd2 39. Rf2 Nc4+ 40. Nxc4
Bxc4 41. Rf8 Rb8 42. Rxb8 Kxb8 43. Bf3 Kc7 44. a3 Kd6 45. axb4 axb4 46. c3 b3
47. Be4 Kc5 48. Ka3 Be6 49. Bd3 Bd5 50. h3 e4 51. Be2 Bc4 52. Bg4 e3 53. Kb2 e2
54. Bxe2 Bxe2 55. Kxb3 Bd3 0-1

[Event "FINAL MISTRZOSTW POLSKI JUNIOROW 2018 - GRUPA  D16"]
[Site "Jastrzebia Gora"]
[Date "1899-12-30"]
[Round "4.13"]
[White "Orlik, Sandra"]
[Black "Bilczewska, Olga"]
[Result "1/2-1/2"]
[WhiteTitle "I++"]
[BlackTitle "I+"]
[WhiteElo "1699"]
[BlackElo "1609"]

1. e4 e5 2. Nf3 Nc6 3. Nc3 Nf6 4. d4 exd4 5. Nxd4 Bb4 6. Nxc6 bxc6 7. Bd3 d5 8.
exd5 cxd5 9. O-O O-O 10. Bg5 c6 11. Ne2 Bd6 12. Nd4 c5 13. Nf5 Bxf5 14. Bxf5 Rb8
15. Rb1 Be5 16. c3 d4 17. f4 Bc7 18. cxd4 cxd4 19. Qd3 h6 20. Bh4 Qd6 21. Be1
Nd5 22. Bd2 Rfe8 23. Be4 Nb4 24. Bxb4 Qxb4 25. a3 Qd6 26. b4 Rec8 27. Bf5 Re8
28. Be4 Rec8 29. Bf5 Re8 30. Be4 Rec8 31. Bf5 Re8 32. Be4 Rec8 33. Bf3 1/2-1/2

[Event "FINAL MISTRZOSTW POLSKI JUNIOROW 2018 - GRUPA  D16"]
[Site "Jastrzebia Gora"]
[Date "1899-12-30"]
[Round "4.14"]
[White "Choinska, Debora"]
[Black "Roszkiewicz, Anna"]
[Result "1-0"]
[WhiteTitle "I"]
[BlackTitle "I+"]
[WhiteElo "1503"]
[BlackElo "1693"]

1. e4 c5 2. Nf3 d6 3. d4 cxd4 4. Nxd4 Nf6 5. Nc3 a6 6. Be2 e5 7. Nb3 Be7 8. O-O
O-O 9. f4 exf4 10. Bxf4 Nc6 11. Qe1 Qb6+ 12. Kh1 Be6 13. Qg3 Rfd8 14. Rad1 Ne8
15. Be3 Qc7 16. Nd4 Bf6 17. Nxe6 fxe6 18. Bc4 d5 19. Bf4 Be5 20. exd5 Bxf4 21.
Qxf4 Qxf4 22. Rxf4 Na5 23. dxe6 Nxc4 24. Rxd8 Rxd8 25. e7 1-0

[Event "FINAL MISTRZOSTW POLSKI JUNIOROW 2018 - GRUPA  D16"]
[Site "Jastrzebia Gora"]
[Date "1899-12-30"]
[Round "4.15"]
[White "Wolagiewicz, Kinga"]
[Black "Sawa, Daria"]
[Result "0-1"]
[WhiteTitle "I"]
[BlackTitle "I"]
[WhiteElo "1689"]
[BlackElo "1432"]

1. e4 e5 2. Nf3 Nc6 3. Bb5 a6 4. Ba4 Nf6 5. d3 b5 6. Bb3 Be7 7. c3 O-O 8. O-O d6
9. Re1 Bb7 10. Nbd2 Nb8 11. Nf1 Nbd7 12. Ng3 c5 13. Bc2 Re8 14. h3 Bf8 15. Nh2
Qc7 16. Bg5 h6 17. Be3 d5 18. exd5 Nxd5 19. Rc1 N7f6 20. Ne4 Nxe4 21. dxe4 Nxe3
22. Rxe3 c4 23. b3 Rad8 24. Qe2 cxb3 25. Bxb3 Kh8 26. Rd3 Rxd3 27. Qxd3 Rd8 28.
Qf3 f6 29. Nf1 Bc5 30. Ng3 Rd2 31. Rc2 Bxf2+ 32. Kh2 Bxg3+ 33. Qxg3 Rxc2 34. Bxc2
b4 35. Qg6 bxc3 36. Qe8+ Kh7 37. Bb3 Qc8 38. Qa4 Qc6 39. Qxc6 Bxc6 40. Bc2 Bb5
41. a4 Bc4 42. g4 g5 43. Kg3 Kg7 44. h4 Kf7 45. hxg5 hxg5 46. Kf3 Ke6 47. Ke3
Kd6 48. Bd3 Kc5 49. Bc2 a5 50. Bd1 Kb4 51. Bc2 Bb3 52. Bd3 Bxa4 53. Kd4 0-1

[Event "FINAL MISTRZOSTW POLSKI JUNIOROW 2018 - GRUPA  D16"]
[Site "Jastrzebia Gora"]
[Date "1899-12-30"]
[Round "4.16"]
[White "Michalska, Aleksandra"]
[Black "Lascar, Maria Elena"]
[Result "1-0"]
[WhiteTitle "I"]
[BlackTitle "I+"]
[WhiteElo "1661"]
[BlackElo "1540"]

1. e4 c5 2. c4 Nc6 3. Nc3 e6 4. Nf3 Nd4 5. Be2 Ne7 6. d3 d6 7. a3 Nec6 8. Rb1 a5
9. Bf4 e5 10. Be3 Be7 11. Nd5 O-O 12. O-O f5 13. Bxd4 cxd4 14. b4 f4 15. b5 Nb8
16. c5 dxc5 17. Nxe5 Be6 18. Bf3 Kh8 19. Re1 Qd6 20. Nc4 Qd8 21. b6 Na6 22. Nxa5
Rb8 23. Nc4 g5 24. Bg4 Bf7 25. Qf3 Qe8 26. Qh3 Kg7 27. Bd7 Qd8 28. Qf5 Bg6 29.
Qe5+ Bf6 30. Nxf6 Rxf6 31. Bb5 g4 32. Bxa6 bxa6 33. Qc7+ Rf7 34. Qxd8 Rxd8 35.
b7 Rb8 36. Na5 Rc7 37. Red1 Be8 38. Rb6 Bb5 39. f3 gxf3 40. gxf3 Kf7 41. Kf2 Re7
42. Ke2 Re6 43. Rxe6 Kxe6 44. Rg1 Kd6 45. Rg7 h5 46. Rg5 Be8 47. Rd5+ Kc7 48.
Rxc5+ Kd8 49. Rc4 Bd7 50. Rxd4 Kc7 51. e5 1-0

[Event "FINAL MISTRZOSTW POLSKI JUNIOROW 2018 - GRUPA  D16"]
[Site "Jastrzebia Gora"]
[Date "1899-12-30"]
[Round "4.17"]
[White "Chomicka, Kinga"]
[Black "Komorowska, Marcelina"]
[Result "1-0"]
[WhiteTitle "I"]
[BlackTitle "II+"]
[WhiteElo "1398"]
[BlackElo "1209"]

1. e4 c5 2. Nc3 e6 3. g3 d5 4. Bg2 dxe4 5. Nxe4 Be7 6. Ne2 Nc6 7. d3 Qd7 8. Be3
b6 9. d4 f5 10. N4c3 Nf6 11. dxc5 bxc5 12. Qxd7+ Bxd7 13. O-O-O Rc8 14. h3 h6
15. Nf4 Kf7 16. Nd3 c4 17. Bxc6 Bxc6 18. Ne5+ Ke8 19. Nxc6 Rxc6 20. Bxa7 Ra6 21.
Bd4 Kf7 22. Rhe1 Rd8 23. Be5 Nd5 24. Nxd5 exd5 25. Bxg7 Bg5+ 26. f4 Bxf4+ 27.
gxf4 Kxg7 28. a3 Kf6 29. Re5 Rad6 30. Rd4 Kg6 31. Kd2 Kf6 32. Kc3 Kg6 33. Kb4
Rb6+ 34. Kc3 Rbd6 35. a4 Ra6 36. Rdxd5 Rxd5 37. Rxd5 Rxa4 38. Rc5 Ra8 39. Rxc4
Rf8 40. b4 Kh5 41. Kd4 Kh4 42. Rc3 Rb8 43. Rb3 Kh5 44. c4 Kg6 45. c5 Kf6 46. c6
Rc8 47. b5 Ke6 48. Kc5 1-0

[Event "FINAL MISTRZOSTW POLSKI JUNIOROW 2018 - GRUPA  D16"]
[Site "Jastrzebia Gora"]
[Date "1899-12-30"]
[Round "4.18"]
[White "Zygmunt, Patrycja"]
[Black "Nowicka, Julia"]
[Result "0-1"]
[WhiteTitle "I"]
[BlackTitle "I"]
[WhiteElo "1370"]
[BlackElo "1283"]

1. e4 e5 2. Nf3 Nc6 3. Bc4 Bc5 4. c3 Nf6 5. d3 h6 6. O-O d6 7. h3 O-O 8. Re1 Bb6
9. Bb3 Be6 10. Nbd2 Nd7 11. Nf1 Bxb3 12. Qxb3 Qf6 13. Ng3 Ne7 14. Be3 Bxe3 15.
fxe3 Nc5 16. Qd1 Qg6 17. Kh2 Qe6 18. Nh4 Kh8 19. d4 Na6 20. d5 Qd7 21. Nhf5 Ng6
22. Rf1 Nc5 23. b4 Na6 24. Nh5 Rg8 25. Qf3 Raf8 26. g4 Qd8 27. Rg1 Qg5 28. Qf2
Qd8 29. Raf1 f6 30. Nh4 Qe8 31. Nxg6+ Qxg6 32. Qf5 Qxf5 33. exf5 Rc8 34. a3 c5
35. Rc1 cxb4 36. axb4 Nc7 37. e4 Nb5 38. Rg3 Rc4 39. Re3 Rgc8 40. Ng3 Rxc3 41.
Rexc3 Rxc3 42. Rb1 Rc4 43. Kg2 Kg8 44. Kf1 Nc3 45. Rc1 Nxe4 46. Rxc4 Nd2+ 47.
Ke2 Nxc4 48. Ne4 Kf8 49. Kd3 b5 50. h4 Ke7 51. g5 hxg5 52. hxg5 Nb6 53. gxf6+
gxf6 54. Nc3 a6 55. Ke4 Nc4 56. Kd3 Nb2+ 57. Kc2 Na4 58. Ne4 Nb6 59. Nc3 Kf7 60.
Kd3 Kg7 61. Ke4 Kh6 62. Nd1 Nc4 63. Nf2 Kg5 64. Nd3 Nd2+ 65. Ke3 Nb3 66. Ke4 Nd4
67. Nc5 dxc5 68. bxc5 b4 69. c6 b3 70. c7 b2 71. c8=Q b1=Q+ 72. Ke3 Qb3+ 73. Kd2
Qc2+ 74. Qxc2 Nxc2 0-1

[Event "FINAL MISTRZOSTW POLSKI JUNIOROW 2018 - GRUPA  D16"]
[Site "Jastrzebia Gora"]
[Date "1899-12-30"]
[Round "5.1"]
[White "Malicka, Maria"]
[Black "Kucharska, Honorata"]
[Result "1-0"]
[WhiteTitle "WCM"]
[BlackTitle "WFM"]
[WhiteElo "2135"]
[BlackElo "2082"]

1. e4 Nf6 2. e5 Nd5 3. d4 d6 4. c4 Nb6 5. f4 dxe5 6. fxe5 Nc6 7. Be3 Bf5 8. Nc3
e6 9. Nf3 Qd7 10. Be2 Rd8 11. O-O Bg4 12. b3 Be7 13. Qd2 O-O 14. Rad1 a5 15. Nb5
a4 16. Qb2 axb3 17. axb3 Nb4 18. Ne1 Bf5 19. Nd3 Ra8 20. Nxb4 Bxb4 21. d5 exd5
22. Bxb6 cxb6 23. Rxd5 Qc8 24. Nd6 Bc5+ 25. Kh1 Bxd6 26. exd6 Be6 27. Rd2 Rd8
28. Rfd1 Qc5 29. b4 Qc6 30. Qc3 Rd7 31. Rd4 Rdd8 32. Bg4 Ra2 33. Bf3 Qd7 34. R1d2
Rda8 35. Rxa2 Rxa2 36. Rd1 h6 37. Qb3 Ra8 38. Qd3 Rc8 39. Rc1 Rd8 40. Rd1 Qa4
41. Qc3 Qd7 42. Qd4 Rc8 43. Rc1 Rd8 44. c5 bxc5 45. bxc5 Qb5 46. Be4 Rc8 47. h3
Ba2 48. Kh2 Be6 49. Rc3 Rd8 50. Rg3 1-0